| 000 | 00546cam a2200205ua 4500 | ||
|---|---|---|---|
| 001 | 6203 | ||
| 008 | 131121n ii |||frmmmmZ001|0|eng | ||
| 020 | _a81-272-2743-9 | ||
| 040 | _cMAIN | ||
| 082 | _a657 | ||
| 245 |
_aBook-keeping and accountancy _cBy C. Mohan Juneja |
||
| 260 |
_aLudhiana: _bKalyani Publishers, _c1991. |
||
| 300 | _ax,11.41p. | ||
| 653 | _aCommerce | ||
| 653 | _aBook-keeping and accountancy | ||
| 700 |
_aJuneja,C. Mohan, _eAuthor., |
||
| 700 | 1 |
_aChawla,R.C., _eAuthor. |
|
| 700 | 1 |
_aSaksena,K.K., _eAuthor. |
|
| 942 | _cBK | ||
| 999 |
_c5355 _d5355 |
||